Hariharana basava parisara. (Record no. 114776)

MARC details
000 -LEADER
fixed length control field 00614nam a2200205Ia 4500
003 - CONTROL NUMBER IDENTIFIER
control field OSt
005 - DATE AND TIME OF LATEST TRANSACTION
control field 20251104144211.0
008 - FIXED-LENGTH DATA ELEMENTS--GENERAL INFORMATION
fixed length control field 210210b1999 xxu||||| |||| 00| 0 eng d
040 ## - CATALOGING SOURCE
Transcribing agency AL
041 ## - LANGUAGE CODE
Language code of text/sound track or separate title Kannada
082 ## - DEWEY DECIMAL CLASSIFICATION NUMBER
Classification number K894.109 SHAH
100 ## - MAIN ENTRY--PERSONAL NAME
Personal name SHANKARAYYA MATADA.
Dates associated with a name ಶಂಕರಯ್ಯ ಮಾತಾಡ
9 (RLIN) 243806
245 ## - TITLE STATEMENT
Title Hariharana basava parisara.
Remainder of title ಹರಿಹರನ ಬಸವ ಪರಿಸರ.
260 ## - PUBLICATION, DISTRIBUTION, ETC.
Place of publication, distribution, etc. Rayachuru
Name of publisher, distributor, etc. Shri Shankara Prakashana
Date of publication, distribution, etc. 1999
300 ## - PHYSICAL DESCRIPTION
Extent viii,84
650 ## - SUBJECT ADDED ENTRY--TOPICAL TERM
Topical term or geographic name entry element Ragale
9 (RLIN) 243807
690 ## - LOCAL SUBJECT ADDED ENTRY--TOPICAL TERM (OCLC, RLIN)
Topical term or geographic name as entry element Kannada Poetry Criticism
9 (RLIN) 243808
906 ## - LOCAL DATA ELEMENT F, LDF (RLIN)
a SG04272
942 ## - ADDED ENTRY ELEMENTS (KOHA)
Source of classification or shelving scheme Dewey Decimal Classification
Koha item type Book
Holdings
Withdrawn status Lost status Source of classification or shelving scheme Damaged status Not for loan Collection code Home library Current library Shelving location Date acquired Source of acquisition Cost, normal purchase price Total Checkouts Full call number Barcode Date last seen Price effective from Koha item type
    Dewey Decimal Classification     Kannada St Aloysius Library St Aloysius Library   02/17/2021 Priyadarshini Prakashana, Bengaluru 50.00   K894.109 SHAH SG04272 02/17/2021 02/17/2021 Special Grants